=LDR 00000nam 2200000 4500 =001 INLIS000000000049875 =005 20170406144602.0 =006 =007 =008 =020 ##$$a 978 - 978 - 18863 - 1 - 4 =035 ##$$0010-041700000000065 =040 ##$$a NBPDMAT =082 ##$$a 899. 221 3 $b Pao t =084 ##$$a 899. 221 3 =090 ##$$a 889. 221 3 =100 ##$$a Mukhlis Muma Leon =245 ##$$a Tambora 1815 : Sebuah Novel / Paox Iben Mudhaffar ; editor, Mukhlis Muma leon =260 ##$$a Mataram : $b Bundadaku, $c 2015 =300 ##$$a ix, 301 hlm, ; $b ilus, $c 20 cm. =440 ##$$a FIKSI INDONESIA =650 ##$$a Fiksi Indonesia =700 ##$$a Mukhlis Muma Leon =850 ##$$a NBPDMAT